| 000 | 01167nam a2200277Ia 4500 | ||
|---|---|---|---|
| 003 | OSt | ||
| 005 | 20220923211531.0 | ||
| 006 | a|||||r|||| 00| 0 | ||
| 007 | ta | ||
| 008 | 220922b |||||||| |||| 00| 0 hin d | ||
| 020 |
_a9789381838099 (hbk) _c600 |
||
| 024 | _a289,600 | ||
| 037 |
_b24573, 15/03/2016, Kitab Ghar _cTextual |
||
| 040 |
_aARTS _cARTS _bhin |
||
| 041 |
_2hin _ahin |
||
| 082 | _aO44:g, 152Q3 | ||
| 100 |
_aशर्मा, मदन लाल; शर्मा, प्रेम प्रकाश _9160721 |
||
| 245 | 0 |
_aभारतीय साहित्य - सिद्धान्त _b सिद्धान्त दर्शन |
|
| 246 | _aBhāratīya sāhitya - siddhānta: siddhānta darshana | ||
| 250 | _aसंस्करण 2 | ||
| 260 |
_aदिल्ली _b व्रजेश्वरी प्रकाशन _c2013 |
||
| 300 |
_a447पृ. _ccm. |
||
| 650 |
_aहिन्दी साहित्य _9156264 |
||
| 942 |
_hO44:g, 152Q3 _cTEXL _2CC |
||
| 999 |
_c300524 _d300524 |
||